000 00744nam a22001937a 4500
999 _c11490
_d11490
008 181205b ||||| |||| 00| 0 eng
020 _a978-1-119-10985-3
082 _22018
_aDC 401.9
_bR311
245 _aResearch methods in psycholinguistics and the neurobiology of language:
_bA practical guide/
_cEdited by Annette M. B. de Groot, Peter Hagoort
260 _aHoboken, NJ:
_bJohn Wiley & Sons,Inc.,
_c©2018.
300 _axix, 371 pages.
_bcolor illustrations;
_c24 cm.
500 _aincludes key terms, reference and index.
650 _aPsycholinguistics
_xResearch
_932937
650 _aNeurolinguistics
_932938
700 _aHagoort, Peter
_932939
700 _ade Groot, Annette M. B.
_934713
365 _b4,746
_cphp
942 _2ddc
_cDC